01211nam a2200289Ia 4500001001200000003000800012006001900020007001500039008004100054020001800095020001500113040002100128035002100149050002300170100002100193245012600214260005900340300005100399504006400450533015200514650002800666650003300694650002200727655002900749710001700778856012600795ebr10408026CaPaEBRm u cr cn|||||||||100428s2010 bccab sb 001 0 eng d z9780865716704 z0865716706 aCaPaEBRcCaPaEBR a(OCoLC)67028360314aTD388b.Y83 2010eb1 aYudelson, Jerry.10aDry runh[electronic resource] :bpreventing the next urban water crisis /cJerry Yudelson; foreword by Sharon B. Megdal. aGabriola Island, BC :bNew Society Publishers,cc2010. axix, 283 p., [8] p. :bill. (some col.), maps. aIncludes bibliographical references (p. 243-272) and index. aElectronic reproduction.bPalo Alto, Calif. :cebrary,d2010.nAvailable via World Wide Web.nAccess may be limited to ebrary affiliated libraries. 0aMunicipal water supply. 0aWater conservation projects. 0aWater efficiency. 7aElectronic books.2local2 aebrary, Inc.40uhttp://site.ebrary.com/lib/rucke/Doc?id=10408026zAn electronic book accessible through the World Wide Web; click to view